El derecho ambiental: presente y pasado

Salvato in:
Dettagli Bibliografici
Autore principale: Valenzuela Fuenzalida, Rafael (Autore)
Natura: Libro
Lingua:spagnolo
Pubblicazione: Valparaíso Jurídica de Chile 2012
Edizione:2a. ed
Soggetti:
Tags: Aggiungi Tag
Nessun Tag, puoi essere il primo ad aggiungerne!!

MARC

LEADER 00000cam a2200000 a 4500
001 UCF1407
003 CL-VaPUC
008 120629e20120000CL |||||||||||||||||spa|d
020 |a 9789561022225 
082 0 4 |a 344.046  |b VAL  |2 21 
100 0 |a Valenzuela Fuenzalida, Rafael  |e author  |9 562947 
245 1 3 |a El derecho ambiental: presente y pasado 
250 |a 2a. ed 
300 |a 448 p 
942 |c BK 
945 |d 20120629 00:00:00  |a dcastane 
260 |a Valparaíso  |b Jurídica de Chile  |c 2012 
650 0 |a Derecho ambiental   |9 257835 
650 0 |a Protección del medio ambiente  |9 257626 
650 0 |a Biodiversidad   |9 385995 
650 0 |a Contaminación ambiental  |9 314181 
650 7 |a RESPONSABILIDAD CIVIL  |2 CL-VaPUC  |9 562948 
650 0 |a Jurisprudencia  |9 255952 
583 |a last modification  |c 20120629 12:35:00  |k Rodrigo Vera 
999 |c 348202  |d 348200 
952 |0 0  |1 0  |4 0  |6 344_046000000000000_VAL_2012  |7 0  |8 A  |9 450134  |a BIBDER  |b BIBDER  |d 2019-11-22  |i 4880005  |l 1  |o 344.046 VAL 2012  |p 4880005  |r 2023-01-25  |s 2021-10-21  |w 2019-11-22  |y BK  |k DER